| Поле | Инд. | ПП | Название | Значение |
|---|---|---|---|---|
| Тип записи | a | |||
| Библиографический уровень | m | |||
| 001 | Контрольный номер | RU/LIBMSTU/418751908 | ||
| 005 | Дата корректировки | 20160127104201.2 | ||
| 008 | Кодируемые данные | 130409|||||||||ru |||||||||||000|||rus|| | ||
| 020 | a | ISBN | 978-5-86185-677-5 | |
| 040 | b | Код языка каталог. | rus | |
| 041 | a | Код языка текста | rus | |
| 084 | a | Индекс другой классификации/Индекс ББК | 65.291.21я7 | |
| 090 | a | Полочн. индекс | 65.291.21 | |
| x | Авторский знак | Л 83 | ||
| 100 | 1_ | a | Автор | Лузин В. П. |
| 110 | a | Организация/ юрисдикция | Мурманский государственный технический университет | |
| 245 | 10 | a | Заглавие | Менеджмент |
| b | Продолж. заглавия | учеб. пособие для вузов | ||
| c | Ответственность | Федер. агентство по рыболовству, ФГБОУ ВПО "Мурман. гос. техн. ун-т" | ||
| 260 | a | Место издания | Мурманск | |
| b | Издательство | Изд-во МГТУ | ||
| c | Дата издания | 2013 | ||
| 300 | a | Объем | 139 с. | |
| 500 | a | Примечание | Имеется электрон. аналог 2013 г. | |
| 504 | a | Библиография | Библиогр.: с. 138-139 | |
| 650 | a | Основная рубрика | Менеджмент-Учебные издания для высших учебных заведений | |
| 653 | a | Ключевые слова | Менеджмент; Менеджмент международный; Психология менеджмента; Управление конкурентоспособностью; Управление персоналом; Управление производством; Функции менеджмента | |
| 901 | t | Тип документа | m | |
| 952 | b | Гриф литературы для ВШ | Допущено Ученым советом МГТУ | |
| c | Вид литературы | учебное пособие |